10 Πιο Ψυχρές Ευρωπαϊκές Χώρες - Statistics

General Stats
  • This quiz has been taken 100 times
  • The average score is 9 of 10
Answer Stats
° C Χώρα % Correct
2.7 Νορβηγία
100%
-3.8 Ρωσία
97%
3.4 Σουηδία
96%
2.6 Φινλανδία
93%
2.3 Ισλανδία
92%
6.4 Εσθονία
89%
6.9 Λετονία
88%
7.3 Λιθουανία
81%
7.3 Λευκορωσία
69%
6.9 Ελβετία
47%
No matching quizzes found
Score Distribution
Percent of People with Each Score
Percentile by Number Answered
Your Score History
You have not taken this quiz